Responses for Show #7144 - Thursday, October 8, 2015

Matt Jackson game 10.

(Peabody: To convince Alex Trebek that the world adores him more with facial hair, Sherman and I set the WABAC to 1984, Culver City, Jeopardy! studios, for Alex to try...)
(Sherman: The Trebek!)
(Alex: Been there, done that.)

WE ASKED: Actress Wendi McLendon-Covey.

Contestants

[<< previous game]

Sameer Rawal, an internal medicine resident from Toronto, Ontario, Canada

Erik Latshaw, a cellar hand from Los Angeles, California

Matt Jackson, a paralegal from Washington, D.C. (whose 9-day cash winnings total $249,411)

[next game >>]

Jeopardy! Round responses

THE HAWAIIAN ISLANDS
21st CENTURY MOVIES
STUPID ANSWERS
PIZZA!
WHOSE LIFE IS IT?
"ANY" WAY
(Alex: Each correct response will end with "A-N-Y".)
    $200 28
Oahu

Matt
    $200 2
Gone Girl

Matt
    $200 15
CoverGirl

Erik
    $200 6
pineapple

Erik
    $200 29
[The end-of-round signal sounds.]

(Henry) Ford

Sameer
    $400 10
Maui

Matt
    $400 5
Bridesmaids

Sameer
    $400 27
Guyana

Matt
    $400 26
mushrooms

Erik
    $400 25
(Clarence) Darrow

Matt
    $400 24
epiphany

Matt
    $600 7
Kauai

Erik
    $600 1
Jennifer Lawrence

Sameer
    $600 18
Beck's

Erik
    $600 11
pepperoni

Erik
    $5,200 14
(Alex: That's a good moment for us to take our first break, I think. He never ceases to amaze, does he?)

Jackie Kennedy

Matt
    $600 23
(Alex: Right, with less than a minute.)

Tammany Hall

Matt
    $800 8
Lanai

Erik
    $800 3
The Grand Budapest Hotel

Matt
    $800 17
Lake Geneva

Matt
    $800 12
basil

Matt
    $800 22
(Anwar) Sadat

Matt
    $800 20
mahogany

Matt
    $1000 9
Molokai

Matt
    $1000 4
Eternal Sunshine of the Spotless Mind

Matt
    $1000 16
Tower Bridge

Matt
    $1000 13
four seasons

Matt
    $1000 21
(Eero) Saarinen

Matt
    $1000 19
litany

Erik

Scores at the first commercial break (after clue 14):

Matt Erik Sameer
$10,400 $2,200 $1,000

Scores at the end of the Jeopardy! Round:

Matt Erik Sameer
$16,800 $4,400 $1,200

Double Jeopardy! Round responses

3P's, PLEASE
SITCOM MOMS
ENERGY
4-LETTER KNOWLEDGE
THEY WROTE IT
(Alex: And then, because the new TV show from DreamWorks premieres this Friday on Netflix...)
MR. PEABODY & SHERMAN
    $400 29
[The end-of-round signal sounds.]

The Brady Bunch

Sameer
    $400 1
potential energy

Matt
    $400 9
Bach

Sameer
    $400 28
Gone with the Wind

Matt
    $400 18
[Peabody says "course he can" as "Corsican".]

Waterloo

Erik
    $800 27
puppy love

Matt
    $800 5
Debbie Reynolds

Triple Stumper
    $800 10
photosynthesis

Matt
    $800 26
pope

Erik
    $800 25
Waiting for Godot

Erik
    $800 17
Kublai Khan

Matt
    $1200 24
Puppet

Triple Stumper
    $1200 2
That '70s Show

Erik
    $1200 6
natural gas

Matt
    $1200 8
Nero

Sameer
    $1200 23
(Alex: With less than a minute to go, you're right.)

The Heart Is a Lonely Hunter

Matt
    $1200 16
Blackbeard

Matt
    $1600 22
preppy

Erik
    $1600 3
a lawyer

Matt
    $4,000 7
hydroelectric power

Matt
    $1600 11
Odin

Matt
    $1600 21
Get Shorty

Erik
    $1600 15
Pisa

Matt
    $2000 20
appropriate

Matt
    $2000 4
Patricia Heaton

Triple Stumper
    $2000 13
iron

Erik
    $4,000 12
(Alex: Yes. We'll accept that. [*]. The [*], the Pinta, and the Santa María.)

the Niña

Matt
    $2000 19
Rabbit

Matt
    $2000 14
the Ptolemaic Dynasty

Matt

Scores at the end of the Double Jeopardy! Round:

Matt Erik Sameer
$42,400 $12,800 $3,200
(lock game)

[wagering suggestions for these scores]

Final Jeopardy! Round responses

THE EUROPEAN UNION
SameerWhat is cyrillic + turkic?
$416
ErikWhat are greek & cyrillic
$6,300
MattWhat are Cyrillic + Y?
$2,400
Greek & Cyrillic

Final scores:

Matt Erik Sameer
$40,000 $19,100 $2,784
10-day champion: $289,411 2nd place: $2,000 3rd place: $1,000

Game dynamics:

Coryat scores:

Matt Erik Sameer
$33,400 $12,800 $3,200
34 R
(including 3 DDs),
0 W
15 R,
0 W
6 R,
0 W

Combined Coryat: $49,400

[game clues] [game scores] [suggest correction]

Game tape date: 2015-09-02
The J! Archive is created by fans, for fans. Scraping, republication, monetization, and malicious use prohibited; this site may use cookies and collect identifying information. See terms. The Jeopardy! game show and all elements thereof, including but not limited to copyright and trademark thereto, are the property of Jeopardy Productions, Inc. and are protected under law. This website is not affiliated with, sponsored by, or operated by Jeopardy Productions, Inc. Join the discussion at JBoard.tv.